| 000 | 00748nam a2200217 a 4500 | ||
|---|---|---|---|
| 001 | 000035191 | ||
| 005 | 20200930074151.0 | ||
| 008 | 111025s1988 mx 000 0 spa d | ||
| 020 | _a9683800025 | ||
| 040 |
_aDO-SdBNP _bspa _cBNPHU |
||
| 082 |
_axxxx _bS679g |
||
| 100 | 1 |
_aSodi M., Demetrio _960922 |
|
| 245 | 1 | 4 |
_aLas grandes culturas de Meso-América : _bdesde la llegada del hombre al Continente Americano hasta la última de las Culturas Prehispánicas. |
| 250 | _a8a ed. | ||
| 260 |
_aMéxico : _bPanorama Editorial, _c1988. |
||
| 300 |
_a199 p. : _bil., retr. |
||
| 490 | 1 | _aPanorama | |
| 504 | _aBibliografía : p.195-199 | ||
| 590 | _aPerteneció a la biblioteca personal de Juan Isidro Jimenes Grullón | ||
| 830 | 0 |
_aPanorama _920255 |
|
| 999 |
_c34682 _d34682 |
||